Logo BPK

Biblioteka

Politechniki Koszalińskiej

Soprotivlenie ustalosti materialov i detalej masin v korrozionnych sredach / (Rekord nr 23608)

Szczegóły MARC
000 -ETYKIETA REKORDU
podpole kontrolne o stałej długości 00478nam a2200157 i 4500
001 - NUMER KONTROLNY REKORDU
pole kontrolne bg
040 ## - ŹRÓDŁO KATALOGOWANIA
Instytucja, która utworzyła rekord BPK
041 ## - KOD JĘZYKA
Kod języka tekstu pol
008 - POLE O STAŁEJ DŁUGOŚCI - DANE KONTROLNE
podpole kontrolne o stałej długości s pl f |000 0 pol
100 1# - NAZWA OSOBOWA
Nazwa osobowa OLEJNIK, Nikolaj N.
245 #0 - TYTUŁ/ODPOWIEDZIALNOŚĆ
Tytuł Soprotivlenie ustalosti materialov i detalej masin v korrozionnych sredach /
Pozostałe elementy strefy tytułu i oznaczenia odpowiedzialności Nikolaj N. Oleinik, Anatolij N. Magdenko, Svetlana L. Skljar.
260 ## - STREFA ADRESU WYDAWNICZEGO
Miejsce wydania Kiev,
Data publikacji, dystrybucji/powstania dokumentu 1987.
700 1# - HASŁO DODATKOWE - NAZWA OSOBOWA
Nazwa osobowa MAGDENKO, Aanatolij N.
700 1# - HASŁO DODATKOWE - NAZWA OSOBOWA
Nazwa osobowa SKLJAR, Svetlana L.
856 ## - LOKALIZACJA I DOSTĘP DO ELEKTRONICZNYCH DOKUMENTÓW ZDALNYCH
Link (URL) http://koha.tu.koszalin.pl/cgi-bin/koha/opac-detail.pl?biblionumber=23608
Tekst linku Katalog online BPK
942 ## - DODATKOWE ELEMENTY (KOHA)
Typ dokumentu Książka
Egzemplarze
Wycofany Status egzemplarza Uszkodzony Dostępność Lokalizacja stała Lokalizacja bieżąca Miejsce przechowywania Sygnatura Kod kreskowy Typ dokumentu
      Dostępny Biblioteka Politechniki Koszalińskiej Biblioteka Politechniki Koszalińskiej Wypożyczalnia BG 33769 01587319 Książka
© 2023 Biblioteka Politechniki Koszalińskiej :: KOHA